| 000 | 00656nam a22001697a 4500 | ||
|---|---|---|---|
| 082 |
_a001 _bDIG _cL-31,P-32 |
||
| 245 |
_aDigest of the world events 1968 _bgiving in the most precious form the highlights of international affairs to meet the requirements of all competitive examinations |
||
| 260 |
_aSialkot cantt _bThe Modern Book Depot _c1968 |
||
| 300 | _avarious pages | ||
| 526 |
_a0 _b0 _c0 _d001_000000000000000_DIG |
||
| 526 |
_a0 _b0 _c0 _d001_000000000000000_DIG |
||
| 526 |
_a0 _b0 _c0 _d001_000000000000000_DIG |
||
| 526 |
_a0 _b0 _c0 _d001_000000000000000_DIG |
||
| 526 |
_a0 _b0 _c0 _d001_000000000000000_DIG |
||
| 650 |
_aMCE _9379 |
||
| 942 |
_2ddc _cBK |
||
| 999 |
_c541488 _d541488 |
||